Lineamiento político de la Confederación Unitaria de Trabajadores Salvadoreños

محفوظ في:
التفاصيل البيبلوغرافية
مؤلف مشترك: Confederación Unitaria de Trabajadores Salvadoreños
التنسيق: نص
منشور في: San Salvador: Confederación Unitaria de Trabajadores Salvadoreños
الوسوم: إضافة وسم
لا توجد وسوم, كن أول من يضع وسما على هذه التسجيلة!

MARC

LEADER 00000 a a2200000 04500
001 21581
003
040 |a CRAI/IIS  |c CRAI/IIS 
090 |a 095700  
110 |a Confederación Unitaria de Trabajadores Salvadoreños  
245 |a Lineamiento político de la Confederación Unitaria de Trabajadores Salvadoreños  
260 |a San Salvador:   |b Confederación Unitaria de Trabajadores Salvadoreños  
300 |a 39 p.  
999 |c 5184  |d 5184